00229nam a2200097 a 4500008004100000050001500041100002100056245003600077260000900113350000900122120416s1970 xx |||||||||||||| || u aTT 185 Old aOldale, Adrienne10aWoodworking in the home, vol. 4 c1970 a0.00